LIBRARY & INFORMATION CENTRE, KCAET, TAVANUR

ONLINE PUBLIC ACCESS CATALOGUE (OPAC)

Three Years / (Record no. 7815)

MARC details
000 -LEADER
fixed length control field 00286cam a2200121ua 4500
082 ## - DEWEY DECIMAL CLASSIFICATION NUMBER
Classification number 823.308
Item number CHE/TH
100 ## - MAIN ENTRY--AUTHOR NAME
Personal name Chekov, A .
245 ## - TITLE STATEMENT
Title Three Years /
250 ## - EDITION STATEMENT
Edition statement 1 /
260 ## - PUBLICATION, DISTRIBUTION, ETC. (IMPRINT)
Place of publication Moscow :
Name of publisher Foreign Language Publishing House ,
Year of publication 1991.
300 ## - PHYSICAL DESCRIPTION
Number of Pages 139 ; .
942 ## - ADDED ENTRY ELEMENTS (KOHA)
Koha item type Books
Holdings
Withdrawn status Lost status Damaged status Home library Current library Date acquired Full call number Accession Number Koha item type
Withdrawn     KAUAET Sanskrit University 07/04/2012 823.308 11200 Books
Withdrawn     KAUAET Sanskrit University 07/04/2012 823.308 9119 Books
free website counter